| 000 | 00347nam a22001457a 4500 | ||
|---|---|---|---|
| 082 |
_a894.812.1 _bVEN/V |
||
| 100 | _aVENNIYUR, RASHEED | ||
| 245 | _aVEZHAMBAL-POETRY | ||
| 246 |
_aVEZHAMBAL-POETRY _bVEZHAMBAL-POETRY |
||
| 260 |
_bMANDHARAM _cMALAPPURAM |
||
| 300 | _a138 | ||
| 520 | _aMALAYALAM POETRY | ||
| 650 | _aMALAYALAM POETRY | ||
| 942 | _cBK | ||
| 999 |
_c8819 _d8819 |
||